Trabajo feminino extradoméstico y riesgo de disolución de la primera unión. El caso de las mujeres urbanas en la Región Capital de Venezuela /

Salvato in:
Dettagli Bibliografici
Autore principale: Casique, Irene
Natura: testo
Tags: Aggiungi Tag
Nessun Tag, puoi essere il primo ad aggiungerne!!

MARC

LEADER 00000 a a2200000 04500
001 44955
003
040
100 |a Casique, Irene  
245 |a Trabajo feminino extradoméstico y riesgo de disolución de la primera unión. El caso de las mujeres urbanas en la Región Capital de Venezuela /  |c Irene Casique  
773 |g volumen6, número25 (julio-setiembre , 2000), páginas 35-57  
999 |c 33975  |d 33975